01159 2200277 4500001002100000005001500021035002000036008004100056020001800097041000800115082000800123084001400131100001400145245004000159250001100199260003500210300003600245520043300281650001700714990002500731990002500756990002500781990002500806990002500831990002500856INLIS00000000000549020221104015610 a0010-0520005490221104 | | ind  a9789795183419 aind a345 a345 MOE a0 aMoeljatno1 aAsas-Asas Hukum Pidana /cMoeljatno aCet. 8 aJakarta :bRineka Cipta,c2008 aviii, 234p.; 20,5 cm ;c20,5 cm aBuku Asas-Asas Hukum Pidana karya Prof. Moeljatno S. H. almarhum (Mantan Guru Besar Fakultas Hukum Universitas Gadjah Mada, Universitas Airlangga, dan Universitas Islam Indonesia) ini merupakan satu dari sekian banyak karya beliau mengenai Hukum Pidana. Materi buku ini masih sama dengan penerbitan sebelumnya, hanya sedikit pntempusnaan pada judul-judul bab dengan tanpa mengubah, menambah maupun mengurangi kalimat-kalimatnya. 4aHukum Pidana a07919/MKRI-P/XI-2008 a07920/MKRI-P/XI-2008 a07919/MKRI-P/XI-2008 a07920/MKRI-P/XI-2008 a07920/MKRI-P/XI-2008 a07919/MKRI-P/XI-2008